[Event "174th YMCA Autumn A"]
[Site "Warsaw"]
[Date "2016.10.13"]
[Round "4"]
[White "Rozowski, Marcin"]
[Black "Borowy, Cezary"]
[Result "0-1"]
[WhiteElo "1996"]
[BlackElo "2019"]
[PlyCount "60"]
[EventDate "2016.09.22"]
[EventType "tourn"]
[EventRounds "1"]
[EventCountry "POL"]
[SourceDate "2016.09.23"]

1. Nf3 e6 2. c4 f5 3. g3 Nf6 4. Bg2 g6 5. O-O Bg7 6. Nc3 O-O 7. b3 Ne4 8. Bb2
d6 9. Qc2 Nxc3 10. Bxc3 e5 11. d3 Nc6 12. b4 Qe7 13. Nd2 Bd7 14. b5 Nd8 15. a4
Rb8 16. Rac1 Ne6 17. Nb3 f4 18. Bb4 c5 19. Bc3 Ng5 20. Nd2 Nh3+ 21. Kh1 fxg3
22. fxg3 Bh6 23. Ne4 Bxc1 24. Qxc1 Rxf1+ 25. Bxf1 Bf5 26. Bg2 Bxe4 27. dxe4 Ng5
28. Bd2 Ne6 29. Bh6 Qf6 30. h4 Qf2 0-1

[Event "174th YMCA Autumn A"]
[Site "Warsaw"]
[Date "2016.10.17"]
[Round "5"]
[White "Borowy, Cezary"]
[Black "Goslawski, Michal"]
[Result "1/2-1/2"]
[WhiteElo "2019"]
[BlackElo "2153"]
[PlyCount "53"]
[EventDate "2016.09.23"]
[EventType "tourn"]
[EventRounds "1"]
[EventCountry "POL"]
[SourceDate "2016.10.05"]

1. e4 e5 2. Nf3 Nf6 3. Nxe5 d6 4. Nf3 Nxe4 5. Nc3 Nxc3 6. dxc3 Be7 7. Be3 Nc6
8. Qd2 O-O 9. O-O-O Ne5 10. Kb1 c6 11. Nxe5 dxe5 12. Bd3 Be6 13. Qe2 Qa5 14. c4
Bf6 15. Bd2 Qc7 16. h4 Rfe8 17. h5 b5 18. Qe4 g6 19. hxg6 hxg6 20. Qf3 Bg7 21.
cxb5 cxb5 22. Qg3 Rac8 23. Qh4 e4 24. Qh7+ Kf8 25. Bh6 Qe5 26. Qh8+ Ke7 27.
Bxg7 1/2-1/2

[Event "174th YMCA Autumn A"]
[Site "Warsaw"]
[Date "2016.10.21"]
[Round "5"]
[White "Kasperkiewicz, Pawel"]
[Black "Sadowski, Miroslaw"]
[Result "1-0"]
[WhiteElo "1908"]
[BlackElo "2100"]
[PlyCount "131"]
[EventDate "2016.09.22"]
[EventType "tourn"]
[EventRounds "1"]
[EventCountry "POL"]
[SourceDate "2016.09.23"]

1. e4 d6 2. d4 Nf6 3. Nc3 e5 4. dxe5 dxe5 5. Qxd8+ Kxd8 6. Nf3 Bd6 7. Bg5 Be6
8. O-O-O Nbd7 9. Nd2 h6 10. Bh4 Ke7 11. Nc4 Rhd8 12. Be2 Bxc4 13. Bxc4 Nb6 14.
Bb3 g5 15. Bg3 Nh5 16. Nb5 Nf4 17. Bxf4 gxf4 18. Nxd6 Rxd6 19. Rxd6 cxd6 20. g3
Rg8 21. Kd2 Nd7 22. c3 Nc5 23. Bd5 Ne6 24. b4 b6 25. a4 h5 26. a5 bxa5 27. Ra1
fxg3 28. hxg3 Rc8 29. Rxa5 Rc7 30. Rb5 Rd7 31. Rb8 Rd8 32. Rxd8 Kxd8 33. Bb3
Kd7 34. Bd1 Ng7 35. Kd3 f6 36. Kc4 Ne6 37. Bxh5 Nc7 38. Bf7 Kc6 39. Kd3 Kd7 40.
Bc4 Kc6 41. Ke3 Ne8 42. Bf7 Nc7 43. Kf3 Kd7 44. Kg4 Nb5 45. c4 Nd4 46. f4 exf4
47. gxf4 Nc2 48. b5 Nd4 49. Bd5 Ke7 50. Kg3 Kd7 51. Kf2 Kc7 52. Ke3 Nb3 53. Be6
Kd8 54. Bf5 Kc7 55. Kd3 Na5 56. Kd4 Nb7 57. Kd5 Nd8 58. Bh3 Nb7 59. Ke6 Nc5+
60. Kxf6 Nxe4+ 61. Ke7 Kb6 62. f5 Kc5 63. Bg2 Ng3 64. f6 Nf5+ 65. Ke6 Nh4 66.
Be4 1-0

[Event "174th YMCA Autumn A"]
[Site "Warsaw"]
[Date "2016.10.24"]
[Round "5"]
[White "Praczukowski, Stanislaw"]
[Black "Wojtaszewski, Piotr"]
[Result "0-1"]
[WhiteElo "2100"]
[BlackElo "1998"]
[PlyCount "76"]
[EventDate "2016.09.22"]
[EventType "tourn"]
[EventRounds "1"]
[EventCountry "POL"]
[SourceDate "2016.09.23"]

1. e4 g6 2. d4 Bg7 3. Nc3 d5 4. exd5 Nf6 5. Bb5+ Bd7 6. Qf3 O-O 7. Bxd7 Qxd7 8.
Nge2 Na6 9. a3 Rad8 10. Bg5 b5 11. O-O b4 12. Bxf6 Bxf6 13. Ne4 Bg7 14. axb4
Nxb4 15. c3 Nxd5 16. Rxa7 e5 17. Rd1 f5 18. Nc5 e4 19. Qg3 Qb5 20. Re1 f4 21.
Qg4 f3 22. Rb7 Qc6 23. Ng3 Nf4 24. Rxe4 h5 25. Qg5 Rd5 26. Qe7 Rxc5 27. Ra7 Rc4
28. gxf3 Qb6 29. Qa3 Rc6 30. Ra8 Rcf6 31. Ree8 Qc6 32. Qb3+ Kh7 33. Rxf8 Qxf3
34. Rh8+ Bxh8 35. Qg8+ Kh6 36. Qxh8+ Kg5 37. Ra5+ Kg4 38. Qa8 Nh3+ 0-1

[Event "174th YMCA Autumn A"]
[Site "Warsaw"]
[Date "2016.10.17"]
[Round "5"]
[White "Malicka, Maria"]
[Black "Piotrowski, Arkadiusz"]
[Result "1-0"]
[WhiteElo "1901"]
[BlackElo "1926"]
[PlyCount "93"]
[EventDate "2016.09.22"]
[EventType "tourn"]
[EventRounds "1"]
[EventCountry "POL"]
[SourceDate "2016.09.23"]

1. d4 d6 2. e4 e5 3. dxe5 dxe5 4. Qxd8+ Kxd8 5. Bc4 f6 6. Be3 Bd7 7. Nc3 Bb4 8.
Nge2 c6 9. O-O-O b5 10. Nxb5 Ne7 11. Nbc3 Ba5 12. Na4 Kc7 13. Bc5 Nc8 14. Rd3
Be8 15. Ng3 g6 16. Rhd1 Nd7 17. Ba3 Bb6 18. Nxb6 axb6 19. Be6 Nf8 20. Bh3 c5
21. Rd8 Bf7 22. Nf1 Rg8 23. Ne3 Rb8 24. Ng4 Na7 25. Rxb8 Kxb8 26. Nh6 Rg7 27.
Rd8+ Kc7 28. Rxf8 Bc4 29. Rxf6 Nb5 30. Be6 Bf1 31. g3 Bg2 32. Bd5 Nd6 33. f3
Kd7 34. Nf7 Nxf7 35. Rxf7+ Rxf7 36. Bxf7 Bxf3 37. Bd5 Kd6 38. Kd2 b5 39. c3 g5
40. b3 h5 41. Bc1 g4 42. Ke3 Ke7 43. Bc6 b4 44. cxb4 cxb4 45. Bd2 Kd6 46. Be8
Bd1 47. Bxb4+ 1-0

[Event "174th YMCA Autumn A"]
[Site "Warsaw"]
[Date "2016.10.21"]
[Round "5"]
[White "Celinski, Kamil"]
[Black "Szymczak, Rafal"]
[Result "1/2-1/2"]
[WhiteElo "1918"]
[BlackElo "2007"]
[PlyCount "79"]
[EventDate "2016.09.22"]
[EventType "tourn"]
[EventRounds "1"]
[EventCountry "POL"]
[SourceDate "2016.09.23"]

1. e4 c6 2. d4 d5 3. exd5 cxd5 4. c4 Nf6 5. Nf3 Nc6 6. Nc3 e6 7. Be2 dxc4 8.
Bxc4 Be7 9. O-O O-O 10. Be3 b6 11. Qe2 Nb4 12. Rac1 Bb7 13. Rfd1 Nbd5 14. Nxd5
Nxd5 15. Bd3 Bf6 16. Be4 Nxe3 17. Qxe3 Bd5 18. Qd3 g6 19. a3 Qd6 20. Bxd5 Qxd5
21. Qc4 Qxc4 22. Rxc4 Rac8 23. Rdc1 Rxc4 24. Rxc4 Rd8 25. h3 Rd7 26. Kf1 Kf8
27. Ke2 Ke7 28. Ke3 Kd6 29. Ke4 b5 30. Rc2 Bg7 31. Ne5 Bxe5 32. dxe5+ Ke7 33.
f4 h5 34. g3 Kd8 35. h4 Rd5 36. Ke3 $11 Kd7 37. Rc3 a5 38. b4 a4 39. Rd3 Rxd3+
40. Kxd3 1/2-1/2

[Event "174th YMCA Autumn A"]
[Site "Warsaw"]
[Date "2016.10.21"]
[Round "5"]
[White "Choroszej, Aleksander"]
[Black "Kaczmarska, Joanna"]
[Result "1/2-1/2"]
[WhiteElo "1967"]
[BlackElo "1862"]
[PlyCount "132"]
[EventDate "2016.09.22"]
[EventType "tourn"]
[EventRounds "1"]
[EventCountry "POL"]
[SourceDate "2016.09.23"]

1. d4 d5 2. c4 e6 3. Nc3 Nf6 4. Nf3 Be7 5. Bf4 O-O 6. e3 Nh5 7. Bg3 c6 8. Bd3
Nd7 9. Ne5 g6 10. Qc2 Nxg3 11. hxg3 Nxe5 12. dxe5 Qc7 13. cxd5 exd5 14. Nxd5
Qa5+ 15. Nc3 Qxe5 16. O-O a6 17. Rfd1 Be6 18. Be4 f5 19. Bf3 Rab8 20. Ne2 Rfd8
21. Nf4 Bf7 22. Be2 c5 23. Rac1 b5 24. b3 Qf6 25. Bf3 Bf8 26. e4 g5 27. Nd5
Bxd5 28. exd5 g4 29. Be2 Rb6 30. Bd3 f4 31. Bxh7+ Kh8 32. gxf4 Qxf4 33. Qe4 Bd6
34. g3 Qxe4 35. Bxe4 Rb7 36. Kg2 Rf8 37. Rh1+ Kg8 38. Rh6 Be5 39. Rg6+ Rg7 40.
Rxc5 Rxg6 41. Bxg6 Rxf2+ 42. Kxf2 Bd4+ 43. Kg2 Bxc5 44. a4 bxa4 45. bxa4 Kg7
46. Bf5 Kf6 47. Bxg4 a5 48. Kf3 Ke5 49. Be6 Bb4 50. Ke3 Be1 51. g4 Bh4 52. Kd3
Be7 53. Kc4 Bf6 54. Kb5 Bd8 55. g5 Bxg5 56. Kxa5 Kd6 57. Kb6 Be3+ 58. Kb7 Bd2
59. Kb6 Be3+ 60. Kb5 Bf2 61. a5 Be3 62. Ka6 Kc7 63. Bg4 Bf2 64. Kb5 Kd6 65. Kc4
Bg1 66. Kd3 Kxd5 $11 1/2-1/2

[Event "174th YMCA Autumn A"]
[Site "Warsaw"]
[Date "2016.10.24"]
[Round "6"]
[White "Goslawski, Michal"]
[Black "Kaczmarska, Joanna"]
[Result "1/2-1/2"]
[WhiteElo "2153"]
[BlackElo "1862"]
[PlyCount "90"]
[EventDate "2016.09.23"]
[EventType "tourn"]
[EventRounds "1"]
[EventCountry "POL"]
[SourceDate "2016.10.05"]

1. Nf3 d5 2. g3 c5 3. Bg2 Nc6 4. d4 e6 5. O-O Nf6 6. c4 Be7 7. dxc5 Bxc5 8. a3
a5 9. Nc3 d4 10. Na4 Ba7 11. c5 e5 12. Bg5 h6 13. Bxf6 Qxf6 14. Nd2 Qe7 15. Ne4
O-O 16. Rc1 Be6 17. Nd6 Bb8 18. Nb6 Ra6 19. Nb5 a4 20. Qd2 Bb3 21. Nd5 Qd7 22.
Nb4 Nxb4 23. Qxb4 Bd5 24. Bxd5 Qxd5 25. Rfd1 b6 26. Qc4 $11 Qxc4 27. Rxc4 Ra5
28. Nd6 Rxc5 29. Rxc5 bxc5 30. Nc4 Bc7 31. e4 g6 32. Kg2 f5 33. Re1 fxe4 34.
Rxe4 Rd8 35. Kf3 Rb8 36. Re2 Kf7 37. Nxe5+ Bxe5 38. Rxe5 Rxb2 39. Rxc5 Rb3+ 40.
Ke4 Rxa3 41. Kxd4 Ra2 42. Ke3 a3 43. Ra5 $11 Ra1 44. Ra6 a2 45. Kf3 Rh1 1/2-1/2

[Event "174th YMCA Autumn A"]
[Site "Warsaw"]
[Date "2016.11.10"]
[Round "6"]
[White "Szymczak, Rafal"]
[Black "Choroszej, Aleksander"]
[Result "0-1"]
[WhiteElo "2007"]
[BlackElo "1967"]
[PlyCount "42"]
[EventDate "2016.09.22"]
[EventType "tourn"]
[EventRounds "1"]
[EventCountry "POL"]
[SourceDate "2016.09.23"]

1. f4 g6 2. Nf3 Bg7 3. e3 Nf6 4. d4 O-O 5. Bd3 d6 6. O-O c5 7. c3 Nc6 8. Nbd2
cxd4 9. exd4 e5 10. fxe5 dxe5 11. Nxe5 Nxe5 12. dxe5 Ng4 13. Qe2 Nxe5 14. Be4
Be6 15. b3 Qc7 16. Bb2 Rad8 17. Nf3 Rfe8 18. Rad1 Rxd1 19. Qxd1 Ng4 20. Qd3 f5
21. Bd5 Qc5+ 0-1

[Event "174th YMCA Autumn A"]
[Site "Warsaw"]
[Date "2016.10.24"]
[Round "6"]
[White "Piotrowski, Arkadiusz"]
[Black "Celinski, Kamil"]
[Result "1/2-1/2"]
[WhiteElo "1926"]
[BlackElo "1918"]
[PlyCount "124"]
[EventDate "2016.09.22"]
[EventType "tourn"]
[EventRounds "1"]
[EventCountry "POL"]
[SourceDate "2016.09.23"]

1. d4 Nf6 2. c4 g6 3. Nc3 d5 4. Nf3 Bg7 5. g3 O-O 6. Bg2 Bf5 7. O-O c6 8. Qb3
Qb6 9. Qxb6 axb6 10. cxd5 Nxd5 11. Nxd5 cxd5 12. Bd2 Nc6 13. e3 Rfc8 14. Nh4
Bd3 15. Rfd1 e6 16. Bc3 Be2 17. Re1 Bb5 18. Nf3 Na5 19. Nd2 f5 20. f4 Bf8 21.
Rec1 Nc4 22. Nxc4 Bxc4 23. a3 Rc6 24. Kf2 b5 25. b4 Bd3 26. Kg1 Rac8 27. Bd2
Rc2 28. Rxc2 Rxc2 29. Be1 Be7 30. Bf3 Bf6 31. Bd1 Rc4 32. Bb3 Rc6 33. Bd2 Bc2
34. Ba2 g5 35. fxg5 Bxg5 36. Kf2 Kf7 37. Rc1 Kg6 38. Ke2 Kh5 39. h3 Be7 40. g4+
fxg4 41. hxg4+ Kxg4 42. Rg1+ Kf5 43. Rg7 Kf6 44. Rg1 Bf5 45. Bb1 Bxb1 46. Rxb1
h5 47. Kd3 h4 48. Rg1 Rc8 49. e4 dxe4+ 50. Kxe4 Rc2 51. Bg5+ Kf7 52. Bxe7 Kxe7
53. Rh1 Re2+ 54. Kd3 Ra2 55. Rxh4 Rxa3+ 56. Kc2 Kd6 57. Rh5 Ra2+ 58. Kc3 Ra3+
59. Kc2 Re3 60. Rxb5 Kc6 61. Rc5+ Kb6 62. Rh5 Kc6 $11 1/2-1/2

[Event "174th YMCA Autumn A"]
[Site "Warsaw"]
[Date "2016.10.28"]
[Round "6"]
[White "Wojtaszewski, Piotr"]
[Black "Malicka, Maria"]
[Result "1/2-1/2"]
[WhiteElo "1998"]
[BlackElo "1901"]
[PlyCount "141"]
[EventDate "2016.09.22"]
[EventType "tourn"]
[EventRounds "1"]
[EventCountry "POL"]
[SourceDate "2016.09.23"]

1. c4 c5 2. Nc3 Nc6 3. g3 g6 4. Bg2 Bg7 5. e4 d6 6. Nge2 Nf6 7. O-O O-O 8. d3
Ne8 9. Be3 Nc7 10. d4 cxd4 11. Nxd4 Ne6 12. Nce2 Ne5 13. Nxe6 Bxe6 14. b3 Qd7
15. Nf4 a6 16. Rc1 Rac8 17. Nxe6 Qxe6 18. f4 Nd7 19. Qd5 Qxd5 20. exd5 Nc5 21.
Rfd1 b5 22. b4 Na4 23. c5 Bc3 24. Bh3 f5 25. cxd6 exd6 26. g4 Nb2 27. gxf5 Nxd1
28. Rxd1 gxf5 29. Kf2 Kh8 30. Rc1 Bf6 31. Rc6 Rxc6 32. dxc6 Rc8 33. Bg2 Bd8 34.
Bd5 h6 35. Ke2 Kg7 36. Kd3 Kg6 37. h3 Bc7 38. Be6 Re8 39. Bd7 Re4 40. Bd2 Rc4
41. a4 d5 42. a5 d4 43. Ke2 Kf6 44. Kd3 Bd6 45. h4 Ke7 46. h5 Bxb4 47. Bxb4+
Rxb4 48. Bxf5 Rc4 49. Be4 Kd6 50. f5 Rxc6 51. Bxc6 Kxc6 52. Kxd4 Kd6 53. Ke4
Ke7 54. Ke5 Kf7 55. f6 b4 56. Kd4 Kxf6 57. Kc4 Kg5 58. Kxb4 Kxh5 59. Kc5 Kg5
60. Kb6 h5 61. Kxa6 h4 62. Kb7 h3 63. a6 h2 64. a7 $11 h1=Q+ 65. Kb8 Qh2+ 66.
Kb7 Qb2+ 67. Ka8 Qa3 68. Kb7 Qb4+ 69. Ka8 Qa5 70. Kb7 Qd5+ 71. Kb8 1/2-1/2

[Event "174th YMCA Autumn A"]
[Site "Warsaw"]
[Date "2016.10.28"]
[Round "6"]
[White "Sadowski, Miroslaw"]
[Black "Praczukowski, Stanislaw"]
[Result "1/2-1/2"]
[WhiteElo "2100"]
[BlackElo "2100"]
[PlyCount "99"]
[EventDate "2016.09.22"]
[EventType "tourn"]
[EventRounds "1"]
[EventCountry "POL"]
[SourceDate "2016.09.23"]

1. d4 Nf6 2. Nf3 g6 3. Bf4 Bg7 4. Nc3 d5 5. Qd2 O-O 6. Bh6 Bf5 7. Bxg7 Kxg7 8.
e3 c6 9. Bd3 Bxd3 10. Qxd3 Qd6 11. O-O Nbd7 12. e4 dxe4 13. Nxe4 Nxe4 14. Qxe4
Nf6 15. Qe2 $11 Rfd8 16. Rfe1 e6 17. c3 Rac8 18. Rad1 Qd5 19. h3 b5 20. a3 a5
21. Ne5 Nd7 22. Nxd7 Rxd7 23. Qe5+ Qxe5 24. dxe5 Rcd8 25. Rxd7 Rxd7 26. Kf1 g5
27. Ke2 Kg6 28. g4 Rd5 29. Kf3 h5 30. Re2 h4 31. Ke4 Rd1 32. Kf3 Rd3+ 33. Re3
Rd5 34. Ke2 c5 35. Re4 Kg7 36. c4 bxc4 37. Rxc4 Rxe5+ 38. Kd2 f5 39. f3 Rd5+
40. Ke2 Kf6 41. gxf5 exf5 42. Ra4 Ke5 43. Rc4 Ke6 44. Ra4 Re5+ 45. Kf2 Rd5 46.
Ke2 Ke5 47. Rc4 Ke6 48. Ra4 Re5+ 49. Kf2 Rd5 50. Ke2 1/2-1/2

[Event "174th YMCA Autumn A"]
[Site "Warsaw"]
[Date "2016.10.26"]
[Round "6"]
[White "Rozowski, Marcin"]
[Black "Kasperkiewicz, Pawel"]
[Result "1/2-1/2"]
[WhiteElo "1996"]
[BlackElo "1908"]
[PlyCount "36"]
[EventDate "2016.09.22"]
[EventType "tourn"]
[EventRounds "1"]
[EventCountry "POL"]
[SourceDate "2016.09.23"]

1. Nf3 Nf6 2. c4 c5 3. g3 b6 4. Bg2 Bb7 5. O-O g6 6. Nc3 Bg7 7. b3 O-O 8. Bb2
d5 9. Nxd5 Nxd5 10. Bxg7 Kxg7 11. cxd5 Qxd5 12. d4 Na6 13. dxc5 Nxc5 14. Qxd5
Bxd5 15. Rfd1 Rfd8 16. Ne5 Bxg2 17. Kxg2 Rac8 18. Rac1 Rxd1 $11 1/2-1/2

[Event "174th YMCA Autumn A"]
[Site "Warsaw"]
[Date "2016.10.24"]
[Round "6"]
[White "Borowy, Cezary"]
[Black "Pajak, Jakub"]
[Result "1-0"]
[WhiteElo "2019"]
[BlackElo "1893"]
[PlyCount "46"]
[EventDate "2016.09.22"]
[EventType "tourn"]
[EventRounds "1"]
[EventCountry "POL"]
[SourceDate "2016.09.23"]

1. e4 c5 2. Nf3 Nc6 3. d4 cxd4 4. Nxd4 g6 5. c4 Bg7 6. Nc2 Nf6 7. Nc3 d6 8. Be2
O-O 9. O-O Bd7 10. Be3 a5 11. f3 Nb4 12. Rc1 Nxc2 13. Rxc2 Bc6 14. Qd2 Nd7 15.
Nd5 Nc5 16. Nf4 e6 17. Rd1 Be5 18. Nd3 Nxd3 19. Qxd3 f5 20. Bd4 fxe4 21. fxe4
Qh4 22. Bxe5 Bxe4 23. Qxd6 Qf2+ 1-0

[Event "174th YMCA Autumn A"]
[Site "Warsaw"]
[Date "2016.10.31"]
[Round "7"]
[White "Pajak, Jakub"]
[Black "Goslawski, Michal"]
[Result "0-1"]
[WhiteElo "1893"]
[BlackElo "2153"]
[PlyCount "59"]
[EventDate "2016.09.23"]
[EventType "tourn"]
[EventRounds "1"]
[EventCountry "POL"]
[SourceDate "2016.10.05"]

1. e4 d6 2. d4 Nf6 3. Nc3 g6 4. Be3 Bg7 5. f3 O-O 6. Qd2 e5 7. O-O-O exd4 8.
Bxd4 Nc6 9. Be3 a6 10. Bh6 Be6 11. h4 Bxh6 12. Qxh6 Kh8 13. g4 Rg8 14. Nh3 Qf8
15. Qe3 b5 16. h5 gxh5 17. g5 Bxh3 18. Rxh3 Ne8 19. Nd5 Qg7 20. f4 f6 21. Rxh5
Qf7 22. Be2 Ne7 23. Rdh1 Rg7 24. gxf6 Nxf6 25. Nxf6 Qxf6 26. e5 dxe5 27. fxe5
Qb6 28. Qe4 Rg1+ 29. Rxg1 Qxg1+ 30. Bd1 0-1

[Event "174th YMCA Autumn A"]
[Site "Warsaw"]
[Date "2016.11.02"]
[Round "7"]
[White "Kasperkiewicz, Pawel"]
[Black "Borowy, Cezary"]
[Result "1/2-1/2"]
[WhiteElo "1908"]
[BlackElo "2019"]
[PlyCount "116"]
[EventDate "2016.09.22"]
[EventType "tourn"]
[EventRounds "1"]
[EventCountry "POL"]
[SourceDate "2016.09.23"]

1. c4 Nf6 2. Nf3 c6 3. d4 d5 4. cxd5 cxd5 5. Nc3 Nc6 6. Bf4 Qb6 7. Na4 Qa5+ 8.
Bd2 Qc7 9. Rc1 e6 10. b4 a6 11. e3 Ne4 12. a3 Nd6 13. Ne5 Be7 14. Bd3 O-O 15.
O-O f5 16. Qe2 Nf7 17. Nxc6 bxc6 18. f3 e5 19. e4 Qa7 20. Kh1 exd4 21. exf5 Nd8
22. Rfe1 Bh4 23. g3 Bf6 24. Nc5 a5 25. bxa5 Nb7 26. Ne6 Re8 27. Rxc6 Nxa5 28.
Rc7 Nb7 29. Bb4 Qb6 30. Qc2 Na5 31. Bxa5 Qxa5 32. Rc1 Qxa3 33. Bb5 Qxf3+ 34.
Qg2 Qxg2+ 35. Kxg2 Bxe6 36. Bxe8 Rxe8 37. fxe6 Rxe6 38. Rd7 Re2+ 39. Kf1 Re8
40. Rxd5 h6 41. Rc7 Rb8 42. Kg2 Rb2+ 43. Kh3 Kh7 44. Rc6 Rf2 45. Rd7 Rf5 46.
Kg2 Kg8 47. g4 Ra5 48. Kf3 Ra3+ 49. Ke4 Ra2 50. h3 Ra3 51. Kf5 Ra5+ 52. Kf4 Ra3
53. h4 Bxh4 54. Rxd4 Bf6 55. Rd5 Kh7 56. Kf5 Rf3+ 57. Ke4 Rg3 58. Kf4 Rg1
1/2-1/2

[Event "174th YMCA Autumn A"]
[Site "Warsaw"]
[Date "2016.11.03"]
[Round "7"]
[White "Praczukowski, Stanislaw"]
[Black "Rozowski, Marcin"]
[Result "1/2-1/2"]
[WhiteElo "2100"]
[BlackElo "1996"]
[PlyCount "64"]
[EventDate "2016.09.22"]
[EventType "tourn"]
[EventRounds "1"]
[EventCountry "POL"]
[SourceDate "2016.09.23"]

1. e4 c6 2. d4 d5 3. exd5 cxd5 4. Bd3 Nc6 5. c3 g6 6. h3 Nh6 7. Nf3 Bf5 8. O-O
Bxd3 9. Qxd3 Bg7 10. Bxh6 Bxh6 11. Qb5 Qd7 12. Ne1 O-O 13. Nd3 Ne5 14. Qxd7
Nxd7 15. f4 e6 16. Nd2 Rfc8 17. Rae1 b5 18. g4 a5 19. a3 Bf8 20. f5 exf5 21.
gxf5 Rab8 22. fxg6 hxg6 23. Ne5 Nxe5 24. Rxe5 Rd8 25. b4 axb4 26. axb4 Ra8 27.
Nb3 Ra3 28. Rb1 Bd6 29. Re3 Bf4 30. Rf3 Bd6 31. Re3 Bf4 32. Rf3 Bd6 $11 1/2-1/2

[Event "174th YMCA Autumn A"]
[Site "Warsaw"]
[Date "2016.11.04"]
[Round "7"]
[White "Malicka, Maria"]
[Black "Sadowski, Miroslaw"]
[Result "1-0"]
[WhiteElo "1901"]
[BlackElo "2100"]
[PlyCount "61"]
[EventDate "2016.09.22"]
[EventType "tourn"]
[EventRounds "1"]
[EventCountry "POL"]
[SourceDate "2016.09.23"]

1. e4 d6 2. d4 Nf6 3. Nc3 e5 4. Nf3 Nbd7 5. Rg1 Be7 6. g4 g6 7. g5 Nh5 8. Be3
c6 9. Qd2 O-O 10. O-O-O b5 11. h4 Qa5 12. Kb1 b4 13. Ne2 Nb6 14. Nc1 Be6 15.
Nb3 Qa4 16. dxe5 dxe5 17. Nxe5 Rfd8 18. Qe1 Rxd1+ 19. Qxd1 Rd8 20. Bd3 Nc4 21.
Nxc4 Bxc4 22. Qe2 Bxd3 23. cxd3 Qb5 24. Rd1 a5 25. Qc2 c5 26. Nxc5 Rc8 27. d4
Ng7 28. Qd3 Qe8 29. Rc1 Bf8 30. d5 Bd6 31. Nb7 1-0

[Event "174th YMCA Autumn A"]
[Site "Warsaw"]
[Date "2016.11.04"]
[Round "7"]
[White "Celinski, Kamil"]
[Black "Wojtaszewski, Piotr"]
[Result "0-1"]
[WhiteElo "1918"]
[BlackElo "1998"]
[PlyCount "74"]
[EventDate "2016.09.22"]
[EventType "tourn"]
[EventRounds "1"]
[EventCountry "POL"]
[SourceDate "2016.09.23"]

1. e4 g6 2. d4 Bg7 3. Nc3 d5 4. exd5 Nf6 5. Bc4 Nbd7 6. Bg5 Nb6 7. Bxf6 Bxf6 8.
Bb3 O-O 9. Nge2 c6 10. dxc6 bxc6 11. Ne4 Bg7 12. O-O a5 13. a4 Rb8 14. c3 Ba6
15. Nc5 Bxe2 16. Qxe2 Nd7 17. Nxd7 Qxd7 18. Bc4 e6 19. b3 Rfd8 20. Rfd1 Qc7 21.
Rac1 Qb7 22. Qf3 Qc7 23. Qe4 Rd7 24. Rd3 c5 25. dxc5 Rxd3 26. Qxd3 Qxc5 27. Bb5
Bf6 28. Qf3 Kg7 29. c4 Rd8 30. Rd1 Bd4 31. Kf1 e5 32. Bc6 Rd6 33. Bd5 Rf6 34.
Qd3 Rxf2+ 35. Ke1 Qb4+ 36. Rd2 Rxd2 37. Qxd2 Bc3 0-1

[Event "174th YMCA Autumn A"]
[Site "Warsaw"]
[Date "2016.10.31"]
[Round "7"]
[White "Choroszej, Aleksander"]
[Black "Piotrowski, Arkadiusz"]
[Result "0-1"]
[WhiteElo "1967"]
[BlackElo "1926"]
[PlyCount "96"]
[EventDate "2016.09.22"]
[EventType "tourn"]
[EventRounds "1"]
[EventCountry "POL"]
[SourceDate "2016.09.23"]

1. d4 f5 2. Bg5 Nf6 3. Bxf6 exf6 4. e3 Be7 5. c4 O-O 6. Nc3 Bb4 7. Bd3 Bxc3+ 8.
bxc3 d6 9. Qf3 g6 10. h4 h5 11. Ne2 Nc6 12. Nf4 Ne7 13. Rh3 Rf7 14. Rg3 Rg7 15.
Bc2 c6 16. Bb3 Qa5 17. Rc1 Bd7 18. c5+ d5 19. Kf1 Qa3 20. Qd1 Be8 21. c4 Bf7
22. cxd5 cxd5 23. Rb1 Qa6+ 24. Kg1 Rc8 25. Ba4 g5 26. Bb5 Qxa2 27. Nd3 Qa5 28.
Ba4 Qc7 29. hxg5 fxg5 30. Ne5 g4 31. e4 fxe4 32. Rgb3 Rb8 33. Nd7 Rd8 34. Rxb7
Qf4 35. g3 Qf3 36. Qxf3 gxf3 37. c6 Be6 38. Rxa7 h4 39. Rbb7 Kf7 40. Nb6 Kf6
41. c7 Rdg8 42. Rb8 Nc8 43. Nxc8 Bxc8 44. Rb6+ Kf5 45. Ra5 Be6 46. Bb3 Rxc7 47.
Bxd5 Rc1+ 48. Kh2 hxg3+ 0-1

[Event "174th YMCA Autumn A"]
[Site "Warsaw"]
[Date "2016.11.04"]
[Round "7"]
[White "Kaczmarska, Joanna"]
[Black "Szymczak, Rafal"]
[Result "1/2-1/2"]
[WhiteElo "1862"]
[BlackElo "2007"]
[PlyCount "98"]
[EventDate "2016.09.22"]
[EventType "tourn"]
[EventRounds "1"]
[EventCountry "POL"]
[SourceDate "2016.09.23"]

1. d4 d5 2. c4 e6 3. Nc3 Nf6 4. Bg5 Be7 5. Qc2 c6 6. e3 Nbd7 7. Bd3 h6 8. Bh4
dxc4 9. Bxc4 Nd5 10. Bxe7 Qxe7 11. Nge2 N7b6 12. Bb3 O-O 13. e4 Nxc3 14. Qxc3
Bd7 15. O-O Rfd8 16. f4 a5 17. a4 Be8 18. Kh1 Qb4 19. f5 Qxc3 20. bxc3 exf5 21.
Rxf5 Rd7 22. Raf1 Re7 23. Ng3 g6 24. Rf6 Kg7 25. h4 Nd7 26. e5 b5 27. Ne4 bxa4
28. Bxa4 Nb6 29. Bxc6 Bxc6 30. Rxc6 Nd5 31. Ra1 a4 32. Nd6 a3 33. Ra2 Ne3 34.
Nc4 Nxc4 35. Rxc4 Rb7 36. Rb4 Rxb4 37. cxb4 Ra4 38. g3 Rxb4 39. Rxa3 Rxd4 40.
Re3 Kf8 41. e6 f5 42. e7+ Ke8 43. Re6 Rg4 44. Kh2 f4 45. gxf4 Rxf4 46. Kg3 g5
47. Rxh6 Rxh4 48. Rxh4 gxh4+ 49. Kxh4 Kxe7 1/2-1/2

[Event "174th YMCA Autumn A"]
[Site "Warsaw"]
[Date "2016.11.07"]
[Round "8"]
[White "Goslawski, Michal"]
[Black "Szymczak, Rafal"]
[Result "1/2-1/2"]
[WhiteElo "2153"]
[BlackElo "2007"]
[PlyCount "37"]
[EventDate "2016.09.23"]
[EventType "tourn"]
[EventRounds "1"]
[EventCountry "POL"]
[SourceDate "2016.10.05"]

1. Nf3 d5 2. g3 c5 3. Bg2 Nc6 4. d4 e6 5. O-O Nf6 6. c4 dxc4 7. dxc5 Qxd1 8.
Rxd1 Bxc5 9. Nbd2 O-O 10. Nxc4 Ng4 11. e3 f6 12. h3 Nh6 13. b3 e5 14. Bb2 Nf7
15. Rac1 Be7 16. e4 Be6 17. Nh4 Rfd8 18. Nf5 Bf8 19. Kf1 $11 1/2-1/2

[Event "174th YMCA Autumn A"]
[Site "Warsaw"]
[Date "2016.11.07"]
[Round "8"]
[White "Piotrowski, Arkadiusz"]
[Black "Kaczmarska, Joanna"]
[Result "1-0"]
[WhiteElo "1926"]
[BlackElo "1862"]
[PlyCount "37"]
[EventDate "2016.09.22"]
[EventType "tourn"]
[EventRounds "1"]
[EventCountry "POL"]
[SourceDate "2016.09.23"]

1. d4 d5 2. Nf3 Nf6 3. c4 e6 4. g3 c6 5. Bg2 Be7 6. O-O O-O 7. Nc3 b6 8. Bf4 a5
9. Ne5 Nfd7 10. cxd5 cxd5 11. Nxd5 exd5 12. Bxd5 Ra7 13. Nxf7 Rxf7 14. Qb3 a4
15. Bxf7+ Kf8 16. Qd5 Ra5 17. Qc4 b5 18. Qc2 Na6 19. Be6 1-0

[Event "174th YMCA Autumn A"]
[Site "Warsaw"]
[Date "2016.11.22"]
[Round "8"]
[White "Wojtaszewski, Piotr"]
[Black "Choroszej, Aleksander"]
[Result "1-0"]
[WhiteElo "1998"]
[BlackElo "1967"]
[PlyCount "73"]
[EventDate "2016.09.22"]
[EventType "tourn"]
[EventRounds "1"]
[EventCountry "POL"]
[SourceDate "2016.09.23"]

1. e4 g6 2. d4 Bg7 3. Nc3 d6 4. Be3 a6 5. a4 b6 6. Bc4 e6 7. Qd2 Bb7 8. Nf3 h6
9. O-O Nd7 10. Rfe1 Ne7 11. h4 Nf6 12. d5 e5 13. Nh2 Nd7 14. g4 f5 15. exf5
gxf5 16. f3 Nf6 17. g5 hxg5 18. Bxg5 Qd7 19. f4 O-O-O 20. Qe2 Nexd5 21. Bxa6
Nxc3 22. Bxb7+ Kxb7 23. bxc3 Qc6 24. a5 Ra8 25. fxe5 dxe5 26. axb6 Ne4 27. bxc7
Nxg5 28. hxg5 Qc5+ 29. Kf1 e4 30. Rab1+ Kxc7 31. Rb4 Kd6 32. Rc4 Qe5 33. Qf2 e3
34. Qf3 e2+ 35. Qxe2 Rxh2 36. Rd4+ Ke7 37. Qxh2 1-0